000 00704nam2a2200241 4500
001 rc\2868778
005 20251114142041.0
035 _a(NLR Aleph) 007022393
090 _a13581993
_c13581993
100 _a20110712d1934 |||y0rusy50 ca
101 0 _arus
102 _aRU
105 _ay z |||||
200 1 _aИзоляция паровозных котлов и экономия топлива
210 _d1934
461 0 _1001rc\2868757
_12001#$aСборник Института тяги$e1-й - 20, 34$vСб. 34
700 1 _aЦыганков
_bА. З.
801 0 _aRU
_bNLR
_gpsbo
801 1 _aRU
_bELAR
_2rusmarc
852 _aNLR
_j31-17/54
942 _cBOOK
980 _aNB